| 000 | nam a22 7a 4500 | ||
|---|---|---|---|
| 999 |
_c47143 _d47143 |
||
| 003 | OSt | ||
| 005 | 20190504094915.0 | ||
| 008 | 190504b xxu||||| |||| 00| 0 eng d | ||
| 040 | _cIIMT COLLEGE OF LAW,GREATER NOIDA | ||
| 100 | _aKAPOOR,S.K. | ||
| 245 | _aLAW OF TORTS (H) | ||
| 260 |
_aNEW DELHI _bC.L.A. _c2018 |
||
| 300 | _a517 | ||
| 942 |
_2ddc _c02 |
||